<?xml version="1.0" encoding="UTF-8"?>
<collection xmlns="http://www.loc.gov/MARC21/slim">
    <record>
        <controlfield tag="001">71035</controlfield>
        <controlfield tag="005">20180625152915.0</controlfield>
        <datafield tag="024" ind1="7" ind2=" ">
            <subfield code="2">doi</subfield>
            <subfield code="a">10.1016/j.aprim.2013.08.001</subfield>
        </datafield>
        <datafield tag="024" ind1="8" ind2=" ">
            <subfield code="2">sideral</subfield>
            <subfield code="a">84001</subfield>
        </datafield>
        <datafield tag="037" ind1=" " ind2=" ">
            <subfield code="a">ART-2013-84001</subfield>
        </datafield>
        <datafield tag="041" ind1=" " ind2=" ">
            <subfield code="a">spa</subfield>
        </datafield>
        <datafield tag="100" ind1=" " ind2=" ">
            <subfield code="0">(orcid)0000-0002-9678-9688</subfield>
            <subfield code="a">Altisent, R.</subfield>
            <subfield code="u">Universidad de Zaragoza</subfield>
        </datafield>
        <datafield tag="245" ind1=" " ind2=" ">
            <subfield code="a">Planificación anticipada de la asistencia. Se necesita una revolución educativa</subfield>
        </datafield>
        <datafield tag="260" ind1=" " ind2=" ">
            <subfield code="c">2013</subfield>
        </datafield>
        <datafield tag="506" ind1="0" ind2=" ">
            <subfield code="a">Access copy available to the general public</subfield>
            <subfield code="f">Unrestricted</subfield>
        </datafield>
        <datafield tag="520" ind1="3" ind2=" ">
            <subfield code="a">Desde hace ya unas décadas el respeto hacia la libertad de los pacientes se ha situado en el corazón de la medicina con tal fuerza que, salvo excepciones, no se concibe una asistencia de calidad sin contar con el adecuado consentimiento de quien la recibe. Este planteamiento tiene actualmente un sólido fundamento en los tres niveles de exigencia del comportamiento profesional: la ética, la deontología y la normativa legal.
De manera paralela al desarrollo del consentimiento informado ante pacientes autónomos en el día a día, se han buscado soluciones para amparar la libertad de quienes, a partir de un momento dado, han perdido la capacidad para tomar decisiones. Esta situación se puede presentar con menor o mayor grado de previsión: tras un evento agudo grave de salud (accidente, ictus…), en el curso de una enfermedad cuya evolución hace previsible la pérdida de las funciones intelectuales (demencia, enfermedad neurológica degenerativa, insuficiencias orgánicas, etc.), o por el natural deterioro del envejecimiento...</subfield>
        </datafield>
        <datafield tag="540" ind1=" " ind2=" ">
            <subfield code="9">info:eu-repo/semantics/openAccess</subfield>
            <subfield code="a">by-nc-nd</subfield>
            <subfield code="u">http://creativecommons.org/licenses/by-nc-nd/3.0/es/</subfield>
        </datafield>
        <datafield tag="590" ind1=" " ind2=" ">
            <subfield code="a">0.894</subfield>
            <subfield code="b">2013</subfield>
        </datafield>
        <datafield tag="591" ind1=" " ind2=" ">
            <subfield code="a">PRIMARY HEALTH CARE</subfield>
            <subfield code="b">13 / 18 = 0.722</subfield>
            <subfield code="c">2013</subfield>
            <subfield code="d">Q3</subfield>
            <subfield code="e">T3</subfield>
        </datafield>
        <datafield tag="591" ind1=" " ind2=" ">
            <subfield code="a">MEDICINE, GENERAL &amp; INTERNAL</subfield>
            <subfield code="b">94 / 155 = 0.606</subfield>
            <subfield code="c">2013</subfield>
            <subfield code="d">Q3</subfield>
            <subfield code="e">T2</subfield>
        </datafield>
        <datafield tag="655" ind1=" " ind2="4">
            <subfield code="a">info:eu-repo/semantics/article</subfield>
            <subfield code="v">info:eu-repo/semantics/publishedVersion</subfield>
        </datafield>
        <datafield tag="710" ind1="2" ind2=" ">
            <subfield code="1">1007</subfield>
            <subfield code="2">610</subfield>
            <subfield code="a">Universidad de Zaragoza</subfield>
            <subfield code="b">Departamento de Medicina, Psiquiatría y Dermatología</subfield>
            <subfield code="c">Medicina</subfield>
        </datafield>
        <datafield tag="773" ind1=" " ind2=" ">
            <subfield code="g">45, 8 (2013), 402-403</subfield>
            <subfield code="p">Aten. prim.</subfield>
            <subfield code="t">Atencion Primaria</subfield>
            <subfield code="x">0212-6567</subfield>
        </datafield>
        <datafield tag="856" ind1="4" ind2=" ">
            <subfield code="s">166993</subfield>
            <subfield code="u">http://zaguan.unizar.es/record/71035/files/texto_completo.pdf</subfield>
            <subfield code="y">Versión publicada</subfield>
        </datafield>
        <datafield tag="856" ind1="4" ind2=" ">
            <subfield code="s">108145</subfield>
            <subfield code="u">http://zaguan.unizar.es/record/71035/files/texto_completo.jpg?subformat=icon</subfield>
            <subfield code="x">icon</subfield>
            <subfield code="y">Versión publicada</subfield>
        </datafield>
        <datafield tag="909" ind1="C" ind2="O">
            <subfield code="o">oai:zaguan.unizar.es:71035</subfield>
            <subfield code="p">articulos</subfield>
            <subfield code="p">driver</subfield>
        </datafield>
        <datafield tag="951" ind1=" " ind2=" ">
            <subfield code="a">2018-06-25-13:54:33</subfield>
        </datafield>
        <datafield tag="980" ind1=" " ind2=" ">
            <subfield code="a">ARTICLE</subfield>
        </datafield>
    </record>

    
</collection>